[Event "Bremen Silvester op"]
[Site "Bremen"]
[Date "2018.12.28"]
[Round "3"]
[White "Zahn, Fabian"]
[Black "Wachinger, Nikolas"]
[Result "0-1"]
[WhiteElo "1947"]
[BlackElo "2306"]
[PlyCount "80"]
[EventDate "2018.12.27"]
[EventType "swiss"]
[EventRounds "7"]
[EventCountry "GER"]
[SourceTitle "CBM 188 Extra"]
[Source "ChessBase"]
[SourceDate "2019.02.28"]
[SourceVersion "1"]
[SourceVersionDate "2019.02.28"]
[SourceQuality "1"]

1. d4 Nf6 2. Bf4 d5 3. e3 c5 4. Nf3 Nc6 5. Nbd2 e6 6. c3 cxd4 7. exd4 Nh5 8. Be3 Bd6 9. Ne5 g6 10. Nd3 f6 11. g3 Ng7 12. Bg2 Nf5 13. Qe2 Nxe3 14. Qxe3 Kf7 15. 0-0 Ne7 16. Rfe1 Nf5 17. Qe2 h5 18. Rad1 Qc7 19. Nf1 Bd7 20. Nc5 Bxc5 21. dxc5 Qxc5 22. c4 d4 23. b4 Qc7 24. Nd2 e5 25. Bd5+ Kg7 26. b5 Rac8 27. Qe4 Nd6 28. Qe2 Bg4 29. f3 Bf5 30. g4 Bc2 31. g5 Bxd1 32. gxf6+ Kh7 33. Rxd1 Rce8 34. Kh1 Rhf8 35. Ne4 Nxe4 36. Qxe4 Rxf6 37. Qh4 Rf4 38. Qg5 Qe7 39. Qxe7+ Rxe7 40. Kg2 b6 0-1

[Event "Niederrhein-ch"]
[Site "Solingen"]
[Date "2018.03.28"]
[Round "6.10"]
[White "Biessner, Eberhard"]
[Black "Zahn, Fabian"]
[Result "0-1"]
[WhiteElo "1665"]
[BlackElo "1903"]
[PlyCount "44"]
[EventDate "2018.03.23"]
[EventType "swiss"]
[EventRounds "7"]
[EventCountry "GER"]
[SourceTitle "EXT 2022"]
[Source "ChessBase"]
[SourceDate "2021.10.06"]
[SourceVersion "1"]
[SourceVersionDate "2021.10.06"]
[SourceQuality "1"]

1. e4 c5 2. Nf3 Nc6 3. d4 cxd4 4. Nxd4 g6 5. c3 Bg7 6. Be3 Nf6 7. Nd2 0-0 8. Be2 d5 9. exd5 Nxd5 10. Nxc6 bxc6 11. Bc5 Nf4 12. Bf1 Bf5 13. Qf3 Qc7 14. g3 Nd5 15. h4 Rab8 16. Ba3 Rfd8 17. Rc1 Qd7 18. Qe2 Bh6 19. f4 Nxf4 20. gxf4 Bxf4 21. Rh2 Bg4 22. Qf2 Qe6+ 0-1

[Event "Rheinhausen-ch"]
[Site "Rheinhausen"]
[Date "2011.02.18"]
[Round "4"]
[White "Kirchner, Stefan1"]
[Black "Zahn, Fabian"]
[Result "1/2-1/2"]
[WhiteElo "1873"]
[BlackElo "1668"]
[PlyCount "112"]
[EventDate "2011.01.07"]
[EventType "swiss"]
[EventRounds "7"]
[EventCountry "GER"]
[SourceTitle "EXT 2015"]
[Source "ChessBase"]
[SourceDate "2014.11.20"]
[SourceVersion "1"]
[SourceVersionDate "2014.11.20"]
[SourceQuality "1"]

1. e4 c5 2. Nf3 Nc6 3. d4 cxd4 4. Nxd4 g6 5. Nc3 Bg7 6. Be3 Nf6 7. Be2 0-0 8. 0-0 d6 9. Bf3 Ne5 10. Qe2 Nfg4 11. Bxg4 Nxg4 12. Rfe1 Bd7 13. Nd5 Nxe3 14. Qxe3 Bc6 15. Nb4 Bd7 16. c3 a5 17. Nd3 a4 18. e5 dxe5 19. Nxe5 a3 20. b3 e6 21. Rad1 Qc7 22. Nxd7 Qxd7 23. Nf5 Qc7 24. Nxg7 Kxg7 25. Rd3 Rfd8 26. Red1 Rxd3 27. Qxd3 Rc8 28. c4 Kg8 29. h3 Qa5 30. Qd7 Rc7 31. Qd2 Qe5 32. Qd8+ Kg7 33. Qd4 Rc5 34. Qxe5+ Rxe5 35. Kf1 b5 36. Rc1 Rc5 37. b4 Rc7 38. c5 Kf6 39. Rd1 Ke7 40. Ke2 Ra7 41. Kd2 Ra6 42. Kc3 f6 43. Rd4 g5 44. h4 h6 45. hxg5 hxg5 46. Rd1 Ke8 47. Rh1 Kd7 48. Rh7+ Kc8 49. g3 g4 50. Re7 f5 51. Kb3 Kb8 52. Rd7 Kc8 53. Re7 Kb8 54. Kc3 Kc8 55. Kd3 Ra4 56. Kc3 Ra6 1/2-1/2

[Event "Niederrhein-ch"]
[Site "Krefeld"]
[Date "2010.03.29"]
[Round "3"]
[White "Zahn, Fabian"]
[Black "Dallmann, Volker"]
[Result "1/2-1/2"]
[WhiteElo "1866"]
[BlackElo "2000"]
[PlyCount "79"]
[EventDate "2010.03.27"]
[EventType "swiss"]
[EventRounds "7"]
[EventCountry "GER"]
[SourceTitle "EXT 2011"]
[Source "ChessBase"]
[SourceDate "2010.11.26"]
[SourceVersion "1"]
[SourceVersionDate "2010.11.26"]
[SourceQuality "1"]

1. d4 d5 2. Nf3 Nf6 3. e3 e6 4. Bd3 b6 5. Qe2 Bb7 6. b3 Be7 7. 0-0 0-0 8. Nbd2 c5 9. Bb2 Nc6 10. a3 cxd4 11. exd4 Rc8 12. Kh1 Bd6 13. Ne5 Bb8 14. f4 Ne7 15. g4 Qc7 16. Rac1 Nd7 17. Rce1 Nf6 18. Rc1 Rfe8 19. g5 Ne4 20. Nxe4 dxe4 21. Bxe4 Nf5 22. Bxb7 Qxb7+ 23. Qf3 Qxf3+ 24. Rxf3 Red8 25. c3 Bxe5 26. fxe5 b5 27. Rd3 a5 28. Kg1 g6 29. Kf2 Rd7 30. Kf3 Kg7 31. Kg4 h6 32. h4 hxg5 33. hxg5 Rh8 34. Rh3 Rxh3 35. Kxh3 Rd8 36. Kg2 Rh8 37. Rh1 Ne3+ 38. Kg1 Rc8 39. Kf2 Nd5 40. Kf3 1/2-1/2

[Event "Rheinhausen-ch 14th"]
[Site "Duisburg Rheinhausen"]
[Date "2010.01.08"]
[Round "1"]
[White "Drygajlo, Lars"]
[Black "Zahn, Fabian"]
[Result "0-1"]
[WhiteElo "1067"]
[BlackElo "1672"]
[PlyCount "80"]
[EventDate "2010.01.08"]
[EventType "swiss"]
[EventRounds "7"]
[EventCountry "GER"]
[SourceTitle "EXT 2018"]
[Source "ChessBase"]
[SourceDate "2017.10.13"]
[SourceVersion "1"]
[SourceVersionDate "2017.10.13"]
[SourceQuality "1"]

1. e4 c5 2. Nc3 Nc6 3. g3 g6 4. Bg2 Bg7 5. d3 Nf6 6. Be3 d6 7. Nf3 e5 8. h3 0-0 9. Qd2 Nd4 10. 0-0 Ne8 11. Kh2 f5 12. Bh6 Bxh6 13. Qxh6 Nxc2 14. Ng5 Qe7 15. Nd5 Qg7 16. Qxg7+ Kxg7 17. Rac1 Nd4 18. Ne7 h6 19. Nf3 Nxf3+ 20. Bxf3 f4 21. Nxc8 Rxc8 22. b4 b6 23. a4 Rb8 24. Rb1 cxb4 25. Rxb4 Rc8 26. Rc4 Rxc4 27. dxc4 Rf7 28. Ra1 Rc7 29. Be2 fxg3+ 30. Kxg3 Rc5 31. Bd3 Kf6 32. h4 Nc7 33. Rd1 Ne6 34. Bf1 Ke7 35. Kg4 h5+ 36. Kf3 Ra5 37. Ra1 Nc5 38. Be2 Rxa4 39. Rxa4 Nxa4 40. Ke3 Kf6 0-1

[Event "Rheinhausen-ch 12th"]
[Site "Duisburg Rheinhausen"]
[Date "2008.01.11"]
[Round "1"]
[White "Zahn, Fabian"]
[Black "Rivinius, Otto"]
[Result "1/2-1/2"]
[WhiteElo "1375"]
[BlackElo "1814"]
[PlyCount "73"]
[EventDate "2008.01.11"]
[EventType "swiss"]
[EventRounds "7"]
[EventCountry "GER"]
[SourceTitle "EXT 2018"]
[Source "ChessBase"]
[SourceDate "2017.10.13"]
[SourceVersion "1"]
[SourceVersionDate "2017.10.13"]
[SourceQuality "1"]

1. e4 d5 2. exd5 Qxd5 3. Nc3 Qa5 4. d4 Nf6 5. Bc4 c6 6. Nf3 Bg4 7. 0-0 Nbd7 8. Re1 e6 9. Bd2 Qb6 10. Na4 Qc7 11. Nc3 0-0-0 12. Be3 Bh5 13. Be2 Nd5 14. Nxd5 exd5 15. c4 Nf6 16. c5 Ne4 17. Qc1 f6 18. b4 g5 19. b5 Bg7 20. Rb1 cxb5 21. Rxb5 Be8 22. Rb4 Bc6 23. Qa3 Kd7 24. Bb5 Ra8 25. Reb1 Rhb8 26. Qb3 Kc8 27. Nd2 Nxd2 28. Bxd2 h6 29. Qh3+ Kd8 30. Qe6 Qd7 31. Qxd7+ Kxd7 32. Bxc6+ Kxc6 33. Re1 Re8 34. Rbb1 f5 35. Bc3 Rad8 36. a4 Re4 37. f3 1/2-1/2